بولس الرسول / (رقم التسجيلة. 11019)

تفاصيل مارك
000 -الفاتح
عناصر البيانات ثابتة الطول 00763cam a2200193 i 4500
005 - تاريخ ووقت آخر معاملة
حقل ضبط 20260108101322.0
008 - عناصر البيانات ثابتة الطول
عناصر البيانات ثابتة الطول 250721s1986 xx gr 000 0 ara d
041 1# - كود اللغة
كود اللغة لنص/مسار صوت أو عنوان منفصل ara
كود اللغة للأصل eng
082 14 - رقم تصنيف ديوي العشري
رقم التصنيف 235.2
رقم المادة ه و ل
100 1# - مدخل رئيسي – اسم شخصي
الاسم الشخصي هولزنز، جوزيف
علاقة الشخص بالعمل/ دوره مؤلف.
245 10 - بيان العنوان
العنوان بولس الرسول /
بيان المسؤولية للكاتب جوزيف هولزنز ؛ ترجمة البطريرك الياس الرابع.
250 ## - بيان الطبعة
بيان الطبعة الطبعة الثانية، مزيدة ومرفقة باللوحات والخرائط.
264 31 - بيانات النشر، التوزيع…إلخ
مكان النشر، التوزيع...إلخ بيروت :
اسم الناشر، الموزع...إلخ معهد القديس يوحنا الدمشقي الآهوتي،
تاريخ النشر، التوزيع...إلخ 1986.
300 ## - الوصف المادي
عدد الوحدات المكونة للوعاء 574 صفحة.
650 17 - مدخل إضافي بالموضوع - مصطلح موضوعي
مصطلح موضوعي أو اسم جغرافي كعنصر مدخل القديسون.
700 1# - مدخل إضافي - اسم شخصي
الاسم الشخصي الرابع، إلياس
علاقة الشخص بالعمل/ دوره مترجم.
942 ## - بيانات إضافية (كوها)
نوع التنصيف Dewey Decimal Classification
نوع المادة (كوها) كتب
المقتنيات
حالة السحب حالة الفقدان مصدر التصنيف حالة التلف غير قابل للإعارة المكتبة الرئيسية المكتبة الحالية موقع الرف تاريخ التزويد الرقم المتسلسل Total Checkouts رقم الإستدعاء الباركود تاريخ آخر ظهور تاريخ الفاتورة نوع المادة (كوها)
    Dewey Decimal Classification     المكتبة المركزية المكتبة المركزية الإعارة 06/07/2004 135604   235.2 / ه و ل 135604 28/07/2025 06/07/2004 كتب
Implemented & Customized by: BBB with SCIT (Smart Chains for Information Technology)

Powered by Koha